000 00673nam a2200229 i 4500
001 bg
100 1 _aDĄBROWSKI, Włodzimierz
245 1 0 _aPodpis elektroniczny /
_cWłodzimierz Dąbrowski, Przemysław Kowalczuk.
260 _aWarszawa :
_b"Mikom",
_c2003.
300 _a77, [1] s. :
_bil ;
_c24 cm.
504 _aIndeks.
650 9 _aPodpis elektroniczny
700 1 _aKOWALCZUK, Przemysław
020 _a837279295X
040 _cBPK
041 0 _apol
080 _a004.772:004.738.5
920 _a83-7279-295-X
942 _cKS
008 s pl f |000 0 pol
999 _c43350
_d43350
856 _uhttp://koha.tu.koszalin.pl/cgi-bin/koha/opac-detail.pl?biblionumber=43350
_yKatalog online BPK